US Cities with the Most Bicycle Thefts - Statistics

General Stats
  • This quiz has been taken 56 times
  • The average score is 5 of 10
Answer Stats
Rank City % Correct
3 New York City
98%
2 Chicago
91%
4 San Francisco
78%
1 Philadelphia
70%
6 Portland
59%
7 Denver
57%
10 Austin
48%
5 Tucson
13%
8 New Haven
9%
9 Cambridge
7%
No matching quizzes found
Score Distribution
Percent of People with Each Score
Percentile by Number Answered
Your Score History
You have not taken this quiz